[Event "19th Russian Team Championship"]
[Site "Sochi (Loo)"]
[Date "2012.04.11"]
[Round "3"]
[White "Vokarev, Sergey"]
[Black "Sanzhaev, Darsen"]
[Result "1/2-1/2"]
[WhiteElo "2439"]
[BlackElo "2282"]
[PlyCount "116"]
[EventDate "2012.04.09"]

1. e4 c5 2. Nf3 e6 3. c4 Nc6 4. Nc3 Nge7 5. d4 Nxd4 6. Nxd4 cxd4 7. Qxd4 Nc6 8.
Qe3 b6 9. Bd3 Bc5 10. Qe2 d6 11. O-O O-O 12. Bd2 e5 13. Kh1 Be6 14. Rac1 Rc8
15. Nd5 a5 16. a3 Bd4 17. Rb1 Ne7 18. Be3 Nc6 19. Bd2 Ra8 20. b3 Qd7 21. Ne3
Bc5 22. Nc2 Nd4 23. Nxd4 Bxd4 24. Be3 Bc5 25. a4 Qc6 26. Rbd1 Rfd8 27. Bc2 Rd7
28. f4 Bxe3 29. Qxe3 exf4 30. Qxf4 Qc5 31. Rf3 Qe5 32. h3 Qxf4 33. Rxf4 Kf8 34.
Kg1 Ke7 35. Kf2 Rc8 36. Ke3 Rc5 37. Kd4 Rg5 38. Rf2 Rg3 39. Rd3 Rxd3+ 40. Bxd3
f6 41. Be2 Rc7 42. Rf4 Rc5 43. Bg4 Bf7 44. Rf2 h5 45. Bf3 Kd7 46. h4 Kc7 47. g4
b5 48. axb5 a4 49. bxa4 Rxc4+ 50. Ke3 hxg4 51. Bd1 Bg6 52. Rf4 g3 53. Bf3 Rxa4
54. Rg4 Ra3+ 55. Kf4 Rxf3+ 56. Kxf3 Bh5 57. Kxg3 Bxg4 58. Kxg4 g6 1/2-1/2

[Event "19th Russian Team Championship"]
[Site "Sochi (Loo)"]
[Date "2012.04.11"]
[Round "3"]
[White "Nakhapetiane, Pogos"]
[Black "Landa, Konstantin"]
[Result "0-1"]
[WhiteElo "2504"]
[BlackElo "2645"]
[PlyCount "82"]
[EventDate "2012.04.09"]

1. e4 c5 2. Nf3 e6 3. d4 cxd4 4. Nxd4 a6 5. Nc3 Qc7 6. Bd3 Nf6 7. O-O d6 8. f4
Nbd7 9. Kh1 b6 10. Qe2 Bb7 11. Bd2 Be7 12. Rae1 Nc5 13. b4 Nxd3 14. cxd3 O-O
15. Rc1 Qd8 16. Be3 Rc8 17. a4 Re8 18. b5 axb5 19. axb5 Nd7 20. Na2 Nb8 21. Qf2
Qd7 22. Nc3 Bf6 23. Nde2 e5 24. Bxb6 exf4 25. Bd4 Bxd4 26. Nxd4 d5 27. exd5
Bxd5 28. Qxf4 Rcd8 29. Nxd5 Qxd5 30. Nf5 Kh8 31. d4 Nd7 32. Nd6 Rf8 33. Qg3 f5
34. Qf4 g5 35. Qg3 f4 36. Qa3 Ra8 37. Qb4 Ra2 38. Rg1 f3 39. h3 Rxg2 40. Rxg2
fxg2+ 41. Kg1 Qf3 0-1

[Event "19th Russian Team Championship"]
[Site "Sochi (Loo)"]
[Date "2012.04.11"]
[Round "3"]
[White "Cheremnova, Tamara"]
[Black "Pustovoitova, Daria"]
[Result "1-0"]
[WhiteElo "2255"]
[BlackElo "2308"]
[PlyCount "109"]
[EventDate "2012.04.09"]

1. d4 d5 2. c4 c6 3. Nc3 dxc4 4. e4 b5 5. a4 b4 6. Na2 Nf6 7. e5 Nd5 8. Bxc4 e6
9. Nf3 Be7 10. Bd2 a5 11. Nc1 O-O 12. Nb3 Nd7 13. Qe2 Qb6 14. Bg5 h6 15. Bxe7
Nxe7 16. O-O c5 17. Rfd1 cxd4 18. Rxd4 Nf5 19. Rd2 Nc5 20. Nxc5 Qxc5 21. Rad1
Bb7 22. Nd4 Ne7 23. Bb3 Ng6 24. Rc2 Qxe5 25. Qxe5 Nxe5 26. Rc7 Ba6 27. Rc5 Nd3
28. Rxa5 Nxb2 29. Rb1 Bd3 30. Rxa8 Bxb1 31. Rxf8+ Kxf8 32. a5 Be4 33. a6 Ke7
34. a7 Kd7 35. Nc2 Kc7 36. Nxb4 Kb6 37. Bc2 Ba8 38. Bh7 f6 39. Nc2 Kxa7 40. Nd4
Bd5 41. Nb5+ Kb6 42. Nd6 Bc6 43. Bg8 Kc7 44. Nf7 Be8 45. Nh8 Kd7 46. Bh7 f5 47.
Bg6 Nd3 48. g3 Ne5 49. Bxe8+ Kxe8 50. f4 Nc6 51. Ng6 Kf7 52. Nh4 Nd4 53. Kf2 g5
54. Ng2 Nc2 55. h3 {time} 1-0

[Event "19th Russian Team Championship"]
[Site "Sochi (Loo)"]
[Date "2012.04.11"]
[Round "3"]
[White "Uzhva, Andrey"]
[Black "Sjugirov, Sanan"]
[Result "0-1"]
[WhiteElo "2246"]
[BlackElo "2610"]
[PlyCount "95"]
[EventDate "2012.04.09"]

1. d4 Nf6 2. Nf3 g6 3. g3 Bg7 4. Bg2 O-O 5. c4 d6 6. O-O c6 7. Nc3 Qa5 8. e4
Bg4 9. h3 Bxf3 10. Bxf3 e5 11. dxe5 dxe5 12. Qb3 Qc7 13. Be3 Nbd7 14. c5 Rfd8
15. Rfd1 Nf8 16. Be2 Ne6 17. Qc4 h5 18. Bf1 Qe7 19. Ne2 h4 20. Bg2 a5 21. a3
Nd7 22. b4 axb4 23. axb4 Rxa1 24. Rxa1 Nd4 25. Kh2 Nf8 26. Ng1 Nfe6 27. Nf3 Bf6
28. Rd1 Nxf3+ 29. Bxf3 Bg5 30. Rxd8+ Qxd8 31. Qc1 hxg3+ 32. fxg3 Nd4 33. Bd1
Bxe3 34. Qxe3 Qa8 35. Qd2 Qa1 36. h4 Qb1 37. h5 Qxe4 38. Qg5 Qf5 39. Qxf5 gxf5
40. h6 Kh7 41. Bh5 f6 42. Be8 Kxh6 43. Bd7 Kg5 44. Bc8 Nc2 45. b5 cxb5 46. Bxb7
Nd4 47. Bd5 b4 48. Bc4 0-1

[Event "19th Russian Team Championship"]
[Site "Sochi (Loo)"]
[Date "2012.04.11"]
[Round "3"]
[White "Kovalenko, Igor"]
[Black "Lojko, Alexej"]
[Result "1-0"]
[WhiteElo "2572"]
[BlackElo "2215"]
[PlyCount "137"]
[EventDate "2012.04.09"]

1. d4 d5 2. c4 e6 3. Nc3 c5 4. e3 Nc6 5. Nf3 Nf6 6. a3 a6 7. dxc5 Bxc5 8. b4
Ba7 9. Bb2 O-O 10. Be2 dxc4 11. Bxc4 Qxd1+ 12. Rxd1 b5 13. Bd3 Bb7 14. Ne4 Nxe4
15. Bxe4 Rfd8 16. Ke2 f6 17. Rxd8+ Rxd8 18. Rc1 Rd6 19. g4 Bb6 20. Nd2 a5 21.
Bc3 axb4 22. Bxb4 Nxb4 23. Bxb7 Nd5 24. Bxd5 exd5 25. Rb1 Bc5 26. Rxb5 Bxa3 27.
Nb1 Ra6 28. Nc3 Bd6 29. h4 Be5 30. Nxd5 Ra2+ 31. Kf1 Ra4 32. f4 Bd6 33. Kg2 Ra7
34. Kf3 Kf7 35. Rb6 Bc5 36. Rc6 Ba3 37. h5 h6 38. Nc3 Bb4 39. Nb5 Re7 40. Rc4
Bd2 41. Nd6+ Ke6 42. Nf5 Ra7 43. Rc8 Kf7 44. Rh8 Rd7 45. Rb8 Bc1 46. Nh4 Rc7
47. Ng6 Ba3 48. Ke4 Rc4+ 49. Kd5 Rc5+ 50. Kd4 Rc7 51. Ra8 Bb4 52. Nh8+ Ke7 53.
Rg8 Ke6 54. Re8+ Re7 55. Rb8 Bd2 56. Kd3 Bc1 57. Rb1 Rc7 58. Rb3 Ra7 59. Rb6+
Kd5 60. Rb5+ Kc6 61. Rb3 Re7 62. Ke2 Kd5 63. Ng6 Rc7 64. Rb6 Kc5 65. Re6 Kd5
66. Re8 Kd6 67. Nh4 Kd7 68. Rg8 Ke6 69. Nf5 1-0

[Event "19th Russian Team Championship"]
[Site "Sochi (Loo)"]
[Date "2012.04.11"]
[Round "3"]
[White "Papin, Vasily"]
[Black "Ananikian, Andrey"]
[Result "1-0"]
[WhiteElo "2575"]
[BlackElo "2096"]
[PlyCount "103"]
[EventDate "2012.04.09"]

1. Nf3 d5 2. c4 c6 3. e3 Nf6 4. Qc2 g6 5. b3 Bg7 6. Bb2 O-O 7. Be2 Bf5 8. d3
Nbd7 9. Nbd2 Re8 10. h3 dxc4 11. Nxc4 Be6 12. O-O Rc8 13. Ncd2 c5 14. e4 Nh5
15. Rfd1 Nf4 16. Bf1 Bxb2 17. Qxb2 f6 18. d4 cxd4 19. Nxd4 Bf7 20. Nc4 Nb6 21.
g3 Nh5 22. Nf5 Qc7 23. Nh6+ Kg7 24. Nxf7 Kxf7 25. Rac1 Qb8 26. e5 Red8 27. exf6
Nxf6 28. Re1 Nbd5 29. Bg2 Kf8 30. Rcd1 Nb4 31. Qa3 Rxd1 32. Rxd1 Nc6 33. Re1
Qc7 34. g4 b5 35. Re6 b4 36. Qa6 Nd8 37. Re1 Nf7 38. Na5 Nd8 39. Qe2 Rb8 40.
Qe3 Nf7 41. Nc6 Rb5 42. Nd4 Re5 43. Ne6+ Rxe6 44. Qxe6 a5 45. Qc6 Qd8 46. Qa8
Qxa8 47. Bxa8 Ke8 48. Rc1 Nd7 49. Rc8+ Nd8 50. Bc6 e6 51. Ra8 Ke7 52. Bxd7 1-0

[Event "19th Russian Team Championship"]
[Site "Sochi (Loo)"]
[Date "2012.04.11"]
[Round "3"]
[White "Vdovytchenko, Sergey"]
[Black "Airapetian, Gor"]
[Result "0-1"]
[WhiteElo "1953"]
[BlackElo "2440"]
[PlyCount "146"]
[EventDate "2012.04.09"]

1. e4 c6 2. d4 d5 3. exd5 cxd5 4. Nf3 Nf6 5. Be2 Nc6 6. c3 Bg4 7. Bf4 a6 8.
Nbd2 e6 9. O-O Be7 10. Be5 O-O 11. h3 Bh5 12. Re1 b5 13. a3 Na5 14. Bd3 Nc4 15.
Qc2 Bg6 16. Bxg6 hxg6 17. Bxf6 Bxf6 18. Nb3 Be7 19. Ne5 Qc7 20. Nd3 a5 21. Nbc5
Ra7 22. b3 Nb6 23. b4 Rfa8 24. Nb3 Nc4 25. Ndc5 Qf4 26. Qc1 Qh4 27. Qc2 Bd6 28.
Qe2 Qg5 29. Qg4 Qf6 30. Qe2 e5 31. bxa5 exd4 32. cxd4 Nxa5 33. Qxb5 Nc6 34. a4
Nxd4 35. Nxd4 Qxd4 36. Nb3 Qc4 37. Rad1 Bb4 38. Re3 Rxa4 39. Qxd5 Qc7 40. g3
Ra2 41. Rf3 Qe7 42. Qd7 Qf8 43. Qd5 Be7 44. Qc4 Bf6 45. Re1 Qb8 46. Rfe3 Qa7
47. R1e2 Qd7 48. Kg2 R2a4 49. Qd3 Qc6+ 50. Rf3 Rb4 51. Rc2 Qe6 52. Re2 Qb6 53.
Re4 Rb5 54. Qe3 Qb7 55. Re8+ Rxe8 56. Qxe8+ Kh7 57. Qe3 Re5 58. Qd3 Re1 59. Qd2
Qe4 60. Qd3 Qc6 61. Qd2 Rb1 62. Qd3 Rb2 63. Qd1 Kg8 64. Qd3 Ra2 65. Qd1 Ra4 66.
Qd3 Kh7 67. Qd1 Re4 68. Qd2 Re8 69. Qd1 Qa8 70. Qd2 Rc8 71. Qd3 Rc3 72. Qd1 Qc6
73. Nd4 Qd5 0-1

[Event "19th Russian Team Championship"]
[Site "Sochi (Loo)"]
[Date "2012.04.11"]
[Round "3"]
[White "Ajrapetian, Gevorg"]
[Black "Mironova, Natalia"]
[Result "1-0"]
[WhiteElo "2423"]
[BlackElo "1817"]
[PlyCount "109"]
[EventDate "2012.04.09"]

1. e4 e6 2. d3 d5 3. Nd2 Nf6 4. Ngf3 Be7 5. g3 c5 6. Bg2 Nc6 7. O-O O-O 8. Qe2
b5 9. e5 Nd7 10. Re1 Qc7 11. Nf1 a5 12. h4 Ba6 13. N1h2 c4 14. d4 c3 15. bxc3
b4 16. Qe3 Nb6 17. Ng4 Rac8 18. Qf4 Nd8 19. cxb4 Bxb4 20. Bd2 Bxd2 21. Qxd2 Qc3
22. Qg5 Qxc2 23. h5 Kh8 24. Rac1 Qd3 25. h6 Qg6 26. Qe7 Kg8 27. hxg7 Kxg7 28.
Nf6 Nc6 29. Rxc6 Rxc6 30. Nh4 Qh6 31. Ng4 Nc8 32. Qxf8+ Kxf8 33. Nxh6 Rc2 34.
a3 Rc3 35. Re3 Rc1+ 36. Kh2 Kg7 37. Ng4 Nb6 38. Rb3 Rc6 39. Nf6 Bc4 40. Rb2 a4
41. Rb4 Bb3 42. Nf3 Bc2 43. Nd2 Nc8 44. Rb7 Rc3 45. Ne8+ Kf8 46. Rc7 Rxc7 47.
Nxc7 Ne7 48. Bf1 Nc6 49. Nb5 Ke7 50. Kg2 f6 51. f4 fxe5 52. dxe5 Kd7 53. Kf2
Ne7 54. Nd4 Bg6 55. Bb5+ 1-0